| 000 | 03268cam a22002054a 4500 | ||
|---|---|---|---|
| 005 | 20250605163522.0 | ||
| 008 | 250528s ||||||||||||||||||||||||d | ||
| 035 | _a20948 | ||
| 020 | _a9789601429762 | ||
| 040 |
_aGR-AtMCL _bgre _dGR-AtMCL _eAACR2 |
||
| 245 | 1 | _aΣτρατηγικό Μάρκετινγκ | |
| 260 |
_bΑ. Α. Λιβάνη, _c2015 |
||
| 300 | _a832 | ||
| 505 | 0 | _aΗ Έννοια της Στρατηγικής στις Επιχειρήσεις και η Στρατηγική του Μάρκετινγκ, Στρατηγικός Σχεδιασμός Μάρκετινγκ, Το Ανταγωνιστικό Πλεονέκτημα, Το Σχέδιο Μάρκετινγκ, Ανάλυση Πωλήσεων και Εξωτερικού Περιβάλλοντος και Ευκαιριών, Μέθοδοι Πρόβλεψης Πωλήσεων και Δυνατότητας Αγοράς, Ανάλυση Ελκυστικότητας Βιομηχανίας, Ανάλυση Ανταγωνιστών, Ανάλυση Πελατών, Στρατηγική Τμηματοποίηση και Στόχευση και Τοποθέτηση, Ανάλυση Χαρτοφυλακίου Προιόντων, Στρατηγικές Διοίκησης Προιόντος και Γραμμή Προιόντος και Μάρκας, Στρατηγικές Τιμολόγησης και Διανομής Προιόντων, Στρατηγικές Ολοκληρωμένων Επικοινωνιών Μάρκετινγκ, Ειδικές Στρατηγικές Μάρκετινγκ, Στρατηγικές Πολέμου Μάρκετινγκ, Εφαρμογή και Αξιολόγηση και Έλεγχος του Στρατηγικού Σχεδιασμού Μάρκετινγκ. | |
| 520 | _aΗ Έννοια της Στρατηγικής στις Επιχειρήσεις και η Στρατηγική του Μάρκετινγκ, Στρατηγικός Σχεδιασμός Μάρκετινγκ, Το Ανταγωνιστικό Πλεονέκτημα, Το Σχέδιο Μάρκετινγκ, Ανάλυση Πωλήσεων και Εξωτερικού Περιβάλλοντος και Ευκαιριών, Μέθοδοι Πρόβλεψης Πωλήσεων και Δυνατότητας Αγοράς, Ανάλυση Ελκυστικότητας Βιομηχανίας, Ανάλυση Ανταγωνιστών, Ανάλυση Πελατών, Στρατηγική Τμηματοποίηση και Στόχευση και Τοποθέτηση, Ανάλυση Χαρτοφυλακίου Προιόντων, Στρατηγικές Διοίκησης Προιόντος και Γραμμή Προιόντος και Μάρκας, Στρατηγικές Τιμολόγησης και Διανομής Προιόντων, Στρατηγικές Ολοκληρωμένων Επικοινωνιών Μάρκετινγκ, Ειδικές Στρατηγικές Μάρκετινγκ, Στρατηγικές Πολέμου Μάρκετινγκ, Εφαρμογή και Αξιολόγηση και Έλεγχος του Στρατηγικού Σχεδιασμού Μάρκετινγκ. | ||
| 700 | 1 | _aΣιώμκος Γεώργιος Ι | |
| 942 | _cBK | ||
| 999 |
_c6025 _d6025 |
||